000 01087nam a22002537a 4500
005 20170124103021.0
010 _aA-700211
020 _c70.00
035 _aA-700211
037 _bCen Lib/Ret
040 _aDPL
_bHN
082 _a
_bगोस्वामी
100 _aगोस्वामी, श्रवण कुमार
_946678
245 _aभारत बनाम इण्डिया /
_cश्रवण कुमार गोस्वामी
246 _aBhaarat banam India /
_bby Shravan Kumar Goswami
260 _aइलाहाबाद
_bजयभारती प्रकाशन
_c1993
270 _a447, पीली कोठी, नई बस्ती, कीडगंज
_bइलाहाबाद
300 _a203पृ.
_c17सेमी (सजिल्द)
650 _aहिन्दी -- साहित्य
_960690
650 _aहिन्दी -- उपन्यास
_960691
650 _aHindi -- Literature
_960692
650 _aHindi -- Fiction
_927248
942 _2ddc
_cHN
_h
_mगोस्वामी
999 _c115276
_d115276